• 首页
  • 本馆介绍
  • 公告通知
  • 最新文献
  • 馆藏检索
  • 电子资源
  • 读者导购
  • 参考咨询
  • 我的图书馆
  • 登录
  • 详细信息显示
  • 放入我的书架
  • 预约/预借图书
  • 作者相关作品
  • 分类相关作品
  • 丛书相关作品
  • 出版社相关作品

书目信息

  • 表格格式
  • 工作单格式
  • 卡片格式
题名:
东方舞台上的奇迹
    
 
作者: 克劳特 编
分册:  
出版信息: 北京   文化艺术出版社  1983.3
页数: 178页
开本: 20cm
丛书名:
单 册:
中图分类: J824
科图分类:
主题词: 戏剧--艺术--中国
电子资源:
ISBN:
000 00618nam0 2200193 45
001 0312221749
005 20060407095256.31
010    @dCNY0.68
100    @a20031222d1983 km y0chiy0120 ea
101    @achi
200 1  @a东方舞台上的奇迹@ADong Fang Wu Tai Shang De Qi Ji@e《茶馆》在西欧@E《Cha Guan》Zai Xi Ou@f(德)乌苇·克劳特编@F(De)Wu Wei·Ke Lao Te Bian
210    @a北京@c文化艺术出版社@d1983.3
215    @a178页@c照片@d20cm
517    @a《茶馆》在西欧@A《Cha Guan》Zai Xi Ou
606 0  @a戏剧@x艺术@x中国
690    @aJ824@v4
701 0  @a克劳特@Ake lao te@4编
801    @aCN@bTSTCL@c20060407
905    @dJ824@e12
    
    东方舞台上的奇迹:《茶馆》在西欧/(德)乌苇·克劳特编.-北京:文化艺术出版社,1983.3
    178页:照片;20cm
    
    
    ISBN :CNY0.68
    
●
相关链接 在E读中查询图书 在五车中查询图书 在当当中查询图书 在豆瓣中查询图书


正题名:东方舞台上的奇迹     索取号:J824/12         预约/预借

序号 登录号 条形码 馆藏地/架位号 状态 备注
1 0094432   001222983   第一借阅区/ [索取号:J824/12] 在馆    
2 0094433   202226162   密集书库/ [索取号:J824/12] 在馆    
3 0094434   001222974   第一样本阅览室/ [索取号:J824/12] 在馆    
唐山师范学院图书馆 欢迎您!
大连网信软件有限公司© 版权所有